[Event "32nd ECC Open 2016"]
[Site "Novi Sad SRB"]
[Date "2016.11.07"]
[Round "2.15"]
[Board "2"]
[White "Andreikin, Dmitry"]
[Black "Roganovic, Milos"]
[Result "1/2-1/2"]
[WhiteTitle "GM"]
[BlackTitle "IM"]
[WhiteElo "2736"]
[BlackElo "2478"]
[WhiteTeam "Alkaloid"]
[BlackTeam "Jelica PEP - Goracici"]
[WhiteFideId "4158814"]
[BlackFideId "937614"]
[EventDate "2016.11.06"]

1. e4 c5 2. Nf3 Nc6 3. d4 cxd4 4. Nxd4 e5 5. Nb5 d6 6. c4 Be7 7. N1c3 a6 8. Na3
f5 9. exf5 Bxf5 10. Bd3 Be6 11. O-O Nf6 12. Nc2 Qd7 13. Bg5 O-O 14. b3 Bd8 15.
Rb1 Bb6 16. Be3 Bc7 17. Qd2 h6 18. f3 Rad8 19. Be4 Ba5 20. b4 Nxe4 21. Nxe4 Bc7
22. Na3 Qf7 23. Nc3 Ne7 24. Qf2 Bxc4 25. Nxc4 Qxc4 26. Rfc1 Qf7 27. b5 d5 28.
Na4 Bd6 29. Bb6 Rc8 30. Bc5 axb5 31. Bxd6 Rxc1+ 32. Rxc1 bxa4 33. Qb2 Rc8 34.
Rxc8+ Nxc8 35. Bxe5 Na7 36. f4 Nc6 37. Qb5 Nxe5 38. fxe5 Qe6 39. Qxa4 Qxe5 40.
h3 Qe1+ 41. Kh2 Qe5+ 42. Kg1 Qe1+ 43. Kh2 Qe3 44. Qd7 Qe5+ 45. Kg1 Qa1+ 46. Kh2
Qxa2 47. Qe6+ Kf8 48. Qf5+ Ke7 49. Qe5+ Kf7 50. Qf5+ Kg8 51. Qc8+ Kf7 52. Qf5+ 1/2-1/2

[Event "32nd ECC Open 2016"]
[Site "Novi Sad SRB"]
[Date "2016.11.07"]
[Round "2.15"]
[Board "3"]
[White "Djordjevic, Vuk"]
[Black "Eljanov, Pavel"]
[Result "0-1"]
[BlackTitle "GM"]
[WhiteElo "2432"]
[BlackElo "2757"]
[WhiteTeam "Jelica PEP - Goracici"]
[BlackTeam "Alkaloid"]
[WhiteFideId "902098"]
[BlackFideId "14102951"]
[EventDate "2016.11.06"]

1. d4 Nf6 2. Bg5 e6 3. e4 h6 4. Bxf6 Qxf6 5. Nf3 d6 6. Nc3 g6 7. Qd2 Bg7 8. h4
a6 9. O-O-O Nd7 10. e5 Qe7 11. Qf4 d5 12. Qe3 c5 13. Re1 b5 14. h5 g5 15. Nh2
Bb7 16. Ng4 Rc8 17. Ne2 Nb6 18. dxc5 Nc4 19. Qd4 O-O 20. f4 f5 21. Nf2 Rxc5 22.
Nd3 Rc6 23. fxg5 Qxg5+ 24. Nef4 Rfc8 25. Re2 Nd6 26. Qa7 Ra8 27. Qe3 Ne4 28. Rg1
Rac8 29. g4 fxg4 30. Bh3 d4 31. Qxe4 Rxc2+ 32. Rxc2 Rxc2+ 33. Kxc2 Bxe4 34. Rxg4
Qxe5 35. Bf1 Qf5 36. Bh3 Bxd3+ 37. Nxd3 Qf3 0-1

[Event "32nd ECC Open 2016"]
[Site "Novi Sad SRB"]
[Date "2016.11.07"]
[Round "2.15"]
[Board "4"]
[White "Yu, Yangyi"]
[Black "Radovanovic, Mihajlo"]
[Result "1-0"]
[WhiteTitle "GM"]
[BlackTitle "IM"]
[WhiteElo "2721"]
[BlackElo "2370"]
[WhiteTeam "Alkaloid"]
[BlackTeam "Jelica PEP - Goracici"]
[WhiteFideId "8603820"]
[BlackFideId "940313"]
[EventDate "2016.11.06"]

1. d4 Nf6 2. c4 g6 3. Nc3 Bg7 4. e4 d6 5. Be2 O-O 6. Bg5 Na6 7. Qd2 c6 8. Nf3 e5
9. d5 c5 10. O-O Nc7 11. Ne1 Qe8 12. Nd3 Nd7 13. Bh6 Qe7 14. Rae1 b6 15. b3 Rb8
16. a4 f6 17. b4 Ba6 18. Bxg7 Kxg7 19. Qa2 Rbe8 20. a5 f5 21. b5 Bc8 22. axb6
axb6 23. Qa7 Nf6 24. Qxb6 fxe4 25. Nxc5 Na8 26. Qc6 Bf5 27. Nb7 Rb8 28. Nxd6 Rb6
29. Nxf5+ gxf5 30. d6 Qe6 31. Qc5 f4 32. Rd1 f3 33. gxf3 Qh3 34. Nxe4 Nxe4 35.
fxe4 Kf6 36. Rd3 Rg8+ 37. Rg3 Rbb8 38. Kh1 1-0

[Event "32nd ECC Open 2016"]
[Site "Novi Sad SRB"]
[Date "2016.11.07"]
[Round "2.15"]
[Board "5"]
[White "Radovic, Janko"]
[Black "Kryvoruchko, Yuriy"]
[Result "0-1"]
[BlackTitle "GM"]
[WhiteElo "2285"]
[BlackElo "2702"]
[WhiteTeam "Jelica PEP - Goracici"]
[BlackTeam "Alkaloid"]
[WhiteFideId "911518"]
[BlackFideId "14109182"]
[EventDate "2016.11.06"]

1. e4 e5 2. Nf3 Nc6 3. d4 exd4 4. Nxd4 Nf6 5. Nxc6 bxc6 6. e5 Qe7 7. Qe2 Nd5 8.
c4 Ba6 9. h4 O-O-O 10. b3 Re8 11. Bb2 f6 12. Qd2 Nb6 13. a4 d6 14. c5 Bxf1 15.
Kxf1 dxc5 16. exf6 gxf6 17. Nc3 Qf7 18. a5 Nd5 19. Nxd5 cxd5 20. Qd3 Bd6 21.
Qa6+ Kd7 22. Qd3 Qe6 23. Rh3 d4 24. Rc1 Re7 25. Rd1 Rhe8 26. Qb5+ Kc8 27. Bc3
dxc3 28. Re3 c2 0-1

[Event "32nd ECC Open 2016"]
[Site "Novi Sad SRB"]
[Date "2016.11.07"]
[Round "2.15"]
[Board "6"]
[White "Nedev, Trajko"]
[Black "Radovic, Luka"]
[Result "1-0"]
[WhiteTitle "GM"]
[WhiteElo "2480"]
[BlackElo "2260"]
[WhiteTeam "Alkaloid"]
[BlackTeam "Jelica PEP - Goracici"]
[WhiteFideId "15000605"]
[BlackFideId "911569"]
[EventDate "2016.11.06"]

1. e4 c5 2. Nf3 d6 3. d4 cxd4 4. Nxd4 Nf6 5. Nc3 a6 6. Be3 e5 7. Nb3 Be6 8. h3
Be7 9. Qf3 O-O 10. O-O-O a5 11. Nc5 Bc8 12. g4 Nbd7 13. N5a4 b6 14. g5 Ne8 15.
h4 Ba6 16. Bh3 Rb8 17. Bxd7 Qxd7 18. Nxb6 Qb7 19. Ncd5 Bd8 20. b3 Bb5 21. a4 Ba6
22. Qg4 Qc6 23. Qd7 Qxd7 24. Nxd7 Rb7 25. Nxf8 1-0

[Event "32nd ECC Open 2016"]
[Site "Novi Sad SRB"]
[Date "2016.11.07"]
[Round "2.16"]
[Board "1"]
[White "Howell, David W L"]
[Black "Van Foreest, Jorden"]
[Result "1-0"]
[WhiteTitle "GM"]
[BlackTitle "GM"]
[WhiteElo "2655"]
[BlackElo "2614"]
[WhiteTeam "Cheddleton"]
[BlackTeam "JSV SISSA"]
[WhiteFideId "410608"]
[BlackFideId "1039784"]
[EventDate "2016.11.06"]

1. d4 d5 2. c4 c6 3. Nc3 Nf6 4. cxd5 cxd5 5. Bf4 Nc6 6. e3 Bg4 7. Qb3 Na5 8.
Qa4+ Bd7 9. Qc2 Rc8 10. Bd3 e6 11. Nf3 Nc6 12. a3 Be7 13. h3 O-O 14. O-O g6 15.
Rac1 Ne8 16. Rfd1 Nd6 17. e4 dxe4 18. Bxe4 Nxe4 19. Qxe4 Qe8 20. Bh6 f5 21. Qf4
Rf7 22. Re1 Bf6 23. Nb5 Be7 24. Nc3 Nd8 25. d5 exd5 26. Ng5 Rc6 27. Nxf7 Qxf7
28. Nxd5 Bd6 29. Qh4 Rxc1 30. Qxd8+ Qf8 31. Nf6+ Kh8 32. Qxf8+ 1-0

[Event "32nd ECC Open 2016"]
[Site "Novi Sad SRB"]
[Date "2016.11.07"]
[Round "2.16"]
[Board "2"]
[White "Van Foreest, Lucas"]
[Black "Hamitevici, Vladimir"]
[Result "0-1"]
[BlackTitle "IM"]
[WhiteElo "2384"]
[BlackElo "2484"]
[WhiteTeam "JSV SISSA"]
[BlackTeam "Cheddleton"]
[WhiteFideId "1039792"]
[BlackFideId "13902393"]
[EventDate "2016.11.06"]

1. e4 e5 2. Nf3 Nc6 3. Bc4 Nf6 4. d3 Bc5 5. O-O a6 6. c3 Ba7 7. a4 h6 8. d4 d6
9. dxe5 Nxe5 10. Nxe5 dxe5 11. Qxd8+ Kxd8 12. Bxf7 Rf8 13. Bc4 Ng4 14. h3 Nxf2
15. Kh2 Ke7 16. b3 Nxe4 17. Ba3+ Nd6 18. Rxf8 Kxf8 19. Nd2 c5 20. Re1 Nxc4 21.
Nxc4 Be6 22. Nxe5 Bxb3 23. Bxc5+ Bxc5 24. Nd7+ Kg8 25. Nxc5 Bd5 26. c4 Bc6 27.
Re7 Rf8 28. Kg1 Rf7 29. Rxf7 Kxf7 30. Kf2 Ke7 31. a5 Kd6 32. Nb3 Ba4 33. Nd4 Bd7
34. Ke3 Kc5 35. Kd3 Kb4 36. g4 Kxa5 37. Kc3 Kb6 38. Nf3 Kc5 39. Ne5 Kd6 40. Kd4
a5 41. c5+ Ke6 42. Ng6 Kf6 43. Ne5 Bc6 44. h4 a4 45. Nc4 Ke6 46. Ne3 g6 0-1

[Event "32nd ECC Open 2016"]
[Site "Novi Sad SRB"]
[Date "2016.11.07"]
[Round "2.16"]
[Board "3"]
[White "Williams, Simon K"]
[Black "Lambrechts, Koen"]
[Result "1-0"]
[WhiteTitle "GM"]
[WhiteElo "2444"]
[BlackElo "2284"]
[WhiteTeam "Cheddleton"]
[BlackTeam "JSV SISSA"]
[WhiteFideId "404454"]
[BlackFideId "1027123"]
[EventDate "2016.11.06"]

1. d4 e6 2. Nf3 b5 3. e4 Bb7 4. Bxb5 Bxe4 5. O-O Be7 6. Nc3 Bxf3 7. Qxf3 c6 8.
Bd3 Nf6 9. Re1 d5 10. Ne2 Nbd7 11. Nf4 Qb6 12. c3 c5 13. c4 Qd6 14. cxd5 exd5
15. dxc5 Nxc5 16. Bb5+ Ncd7 17. Nd3 Rd8 18. Bf4 Qb6 19. Ba4 Kf8 20. Rac1 Qa6 21.
Bxd7 Rxd7 22. Ne5 Rd6 23. Rc7 Re6 24. Rec1 g5 25. Bg3 Kg7 26. Qf5 h6 27. h4 g4
28. Nxg4 Rf8 29. Be5 Re8 30. R1c3 Bd8 31. Rg3 Bxc7 32. Nxf6+ Kf8 33. Rg8+ Ke7
34. Rxe8# 1-0

[Event "32nd ECC Open 2016"]
[Site "Novi Sad SRB"]
[Date "2016.11.07"]
[Round "2.16"]
[Board "4"]
[White "Hummel, Erik-Jan"]
[Black "Eggleston, David J"]
[Result "1/2-1/2"]
[WhiteTitle "FM"]
[BlackTitle "IM"]
[WhiteElo "2280"]
[BlackElo "2413"]
[WhiteTeam "JSV SISSA"]
[BlackTeam "Cheddleton"]
[WhiteFideId "1009028"]
[BlackFideId "412120"]
[EventDate "2016.11.06"]

1. d4 Nf6 2. c4 e6 3. g3 d5 4. Nf3 Be7 5. Bg2 O-O 6. O-O dxc4 7. Qc2 a6 8. Qxc4
b5 9. Qc2 Bb7 10. Bd2 Be4 11. Qc1 Qc8 12. Bg5 Bb7 13. Qf4 h6 14. Bxf6 Bxf6 15.
Rc1 Nc6 16. Nbd2 Nxd4 17. Nxd4 Bxg2 18. Kxg2 e5 19. Qf5 exd4 20. Qxc8 Raxc8 21.
Ne4 Rfe8 22. Kf3 Re6 23. Nc5 Rc6 24. Ne4 Rb6 25. Rc2 b4 26. Nc5 Re8 27. Nd3 Bd8
28. Rac1 Rf6+ 29. Kg2 a5 30. Kf1 Rfe6 31. Nf4 Re5 32. Rd1 g5 33. Nd3 Rd5 34.
Rdc1 Re6 35. Rc5 Red6 36. b3 f6 37. Rc6 Rxc6 38. Rxc6 Rd6 39. Rxd6 cxd6 40. Ke1
f5 41. Kd2 Kf7 42. Ne1 Ke6 43. Kd3 Kd5 44. Nf3 Bf6 45. Nd2 h5 46. Nc4 Bd8 47.
Nd2 g4 48. f4 gxf3 49. exf3 h4 50. Nc4 hxg3 1/2-1/2

[Event "32nd ECC Open 2016"]
[Site "Novi Sad SRB"]
[Date "2016.11.07"]
[Round "2.16"]
[Board "5"]
[White "Fodor, Tamas Jr."]
[Black "Ten Vergert, Paul"]
[Result "1-0"]
[WhiteTitle "GM"]
[BlackTitle "CM"]
[WhiteElo "2493"]
[BlackElo "2210"]
[WhiteTeam "Cheddleton"]
[BlackTeam "JSV SISSA"]
[WhiteFideId "723762"]
[BlackFideId "1021249"]
[EventDate "2016.11.06"]

1. d4 Nf6 2. c4 c5 3. d5 b5 4. cxb5 a6 5. bxa6 Bxa6 6. Nc3 d6 7. Nf3 g6 8. e4
Bxf1 9. Kxf1 Nbd7 10. g3 Bg7 11. Kg2 O-O 12. a4 Ra6 13. Qc2 Qa8 14. Nb5 Qb7 15.
Bd2 e6 16. dxe6 fxe6 17. Rhe1 d5 18. exd5 exd5 19. Bf4 Ne4 20. Rad1 g5 21. Nxg5
Nxg5 22. Bxg5 d4+ 23. Qe4 Qxe4+ 24. Rxe4 Rxa4 25. Nc7 Rb4 26. Ne6 Rf5 27. Bc1
Re5 28. Rxe5 Bxe5 29. Kf3 Bd6 30. Ke4 Nb6 31. Rd3 Nc4 32. Kd5 Be7 33. Rf3 Rb6
34. Bg5 Rxe6 35. Bxe7 Rxe7 36. Kxc4 Rc7 37. b3 Kg7 38. h4 Rd7 39. Rd3 Rc7 40. b4
cxb4+ 41. Kxb4 Rc2 42. f3 Rg2 43. g4 Rh2 44. h5 Rf2 45. Kc4 Kf6 46. Kxd4 Kg5 47.
Ke3 1-0

[Event "32nd ECC Open 2016"]
[Site "Novi Sad SRB"]
[Date "2016.11.07"]
[Round "2.16"]
[Board "6"]
[White "Dijkstra, Arjan"]
[Black "Steil-Antoni, Fiona"]
[Result "0-1"]
[BlackTitle "WIM"]
[WhiteElo "2105"]
[BlackElo "2141"]
[WhiteTeam "JSV SISSA"]
[BlackTeam "Cheddleton"]
[WhiteFideId "1021389"]
[BlackFideId "4001249"]
[EventDate "2016.11.06"]

1. e4 d6 2. d4 Nf6 3. Nc3 Nbd7 4. f4 e5 5. Nf3 exd4 6. Qxd4 c6 7. Be3 d5 8. exd5
Bc5 9. Qd3 Qe7 10. Nd4 Nb6 11. dxc6 bxc6 12. O-O-O Ba6 13. Qd2 Bxf1 14. Bf2 Nc4
15. Qe1 Bxd4 16. Bxd4 Bxg2 17. Rg1 Bd5 18. Rxg7 Ne4 19. Nxe4 Qxe4 20. b3 Nd6 21.
Rg1 Rf8 22. Bf6 Kd7 23. Qf2 Qf5 24. Be5 Ne4 25. Qe1 Rg8 26. Rxg8 Rxg8 27. Qa5
Rg2 28. Qc7+ Ke8 29. Qb8+ Ke7 30. c4 f6 31. Bc7 Nc5 32. Bd6+ Kf7 33. Qf8+ Kg6
34. Qe8+ Bf7 0-1

[Event "32nd ECC Open 2016"]
[Site "Novi Sad SRB"]
[Date "2016.11.07"]
[Round "2.17"]
[Board "1"]
[White "Noe, Christopher"]
[Black "Kazakovskiy, Valeriy"]
[Result "0-1"]
[WhiteTitle "IM"]
[BlackTitle "IM"]
[WhiteElo "2422"]
[BlackElo "2416"]
[WhiteTeam "De Sprenger Echternach"]
[BlackTeam "Ezerelio Vaivorykste"]
[WhiteFideId "24692018"]
[BlackFideId "13507443"]
[EventDate "2016.11.06"]

1. d4 Nf6 2. c4 e6 3. Nf3 Bb4+ 4. Nbd2 d6 5. a3 Bxd2+ 6. Qxd2 Nbd7 7. e3 e5 8.
Qc2 Qe7 9. Be2 O-O 10. O-O Re8 11. b4 Nf8 12. Bb2 Ng6 13. Rfd1 e4 14. Nd2 Bg4
15. Bxg4 Nxg4 16. h3 Nf6 17. d5 Nd7 18. Rac1 f5 19. c5 Nde5 20. Nb3 Nd3 21. Rxd3
exd3 22. Qxd3 f4 23. Nd4 fxe3 24. Qxe3 Qxe3 25. fxe3 Rxe3 26. cxd6 cxd6 27. Ne6
Re2 28. Bd4 Nh4 29. Bf2 Nf5 30. Rc7 Re8 31. g4 Ne7 32. Bd4 Rc8 33. Bxa7 Rxe6 0-1

[Event "32nd ECC Open 2016"]
[Site "Novi Sad SRB"]
[Date "2016.11.07"]
[Round "2.17"]
[Board "2"]
[White "Sotsky, Alexander"]
[Black "Gnichtel, Gerd"]
[Result "1/2-1/2"]
[WhiteTitle "IM"]
[WhiteElo "2348"]
[BlackElo "2135"]
[WhiteTeam "Ezerelio Vaivorykste"]
[BlackTeam "De Sprenger Echternach"]
[WhiteFideId "4130715"]
[BlackFideId "4637127"]
[EventDate "2016.11.06"]

1. d4 d5 2. Nf3 Nf6 3. Bg5 e6 4. Nbd2 Nbd7 5. c3 Be7 6. e3 O-O 7. Bd3 b6 8. h4
Bb7 9. Bxf6 Nxf6 10. Ng5 c5 11. Qf3 cxd4 12. exd4 b5 13. a3 Qc7 14. Kf1 a5 15.
Bxb5 a4 16. Bd3 Qb6 17. Rb1 Ba6 18. Ke2 Bxd3+ 19. Qxd3 Rfb8 20. Ngf3 Bd6 21.
Rhe1 Qc7 22. Rec1 Bf4 23. g3 Bxd2 24. Nxd2 Rb6 25. c4 dxc4 26. Rxc4 Qb7 27. b4
axb3 28. Rxb3 h6 29. Rcb4 Rxb4 30. Rxb4 Qc7 31. Nc4 Rd8 32. Ne5 Nd5 33. Rc4 Qb7
34. Qc2 Qa6 35. Qd3 Ra8 36. Ke1 Nb6 37. Rc3 Qxd3 38. Rxd3 f6 39. Ng6 Nc4 40. Rc3
Nxa3 41. Rc5 Rb8 42. Nf4 Re8 43. Rc7 Nb5 44. Rd7 e5 45. Nh5 exd4+ 46. Kd2 Re5
47. g4 Nc3 48. f3 Re2+ 49. Kd3 Re3+ 50. Kxd4 Rxf3 51. Rxg7+ Kf8 52. Rg6 Ne2+ 53.
Ke4 Rh3 54. Rxf6+ Ke7 55. Rxh6 Rxh4 56. Rh7+ Kf8 57. Kf5 Nd4+ 58. Kf4 Ne6+ 59.
Kg3 Rh1 60. Ra7 Rg1+ 61. Kf3 Nd4+ 62. Kf4 Ne6+ 63. Kf5 Nd4+ 64. Kf6 Rf1+ 65. Kg6
Nf3 66. Rf7+ Ke8 67. Kg7 Rg1 68. Rxf3 Rxg4+ 69. Kf6 Kd7 70. Nf4 Rg1 71. Ne6 Rd1
72. Kf7 Kd6 73. Rf6 Ke5 74. Nc5 Kd5 75. Rf5+ Kc4 76. Ne6 Re1 77. Ke7 Ra1 78.
Rf4+ Kd5 79. Kf6 Rd1 80. Rf2 Kd6 81. Nf4 Rd4 82. Kf5 Rd1 83. Rh2 Re1 84. Rh6+
Kd7 85. Ne6 Kd6 86. Nf4+ Kd7 87. Nd3 Re3 88. Ne5+ Kc7 89. Rh7+ Kb8 90. Ke6 Re1
91. Rd7 Rc1 92. Nd3 Rc7 93. Rd4 Kb7 94. Ne5 Kb6 95. Kd6 Rc1 96. Rb4+ Ka5 97. Rb8
Ka4 98. Kd5 Ka3 99. Nc4+ Ka2 100. Rb2+ Ka1 101. Rd2 Rh1 102. Kc5 Kb1 103. Ne3
Rh4 104. Kd5 Rf4 105. Ke5 Rh4 106. Nd5 Kc1 107. Rg2 Ra4 108. Nc3 Rc4 1/2-1/2

[Event "32nd ECC Open 2016"]
[Site "Novi Sad SRB"]
[Date "2016.11.07"]
[Round "2.17"]
[Board "3"]
[White "Drzasga, Michael"]
[Black "Genutis, Mindaugas"]
[Result "1-0"]
[BlackTitle "FM"]
[WhiteElo "2058"]
[BlackElo "2310"]
[WhiteTeam "De Sprenger Echternach"]
[BlackTeam "Ezerelio Vaivorykste"]
[WhiteFideId "4623568"]
[BlackFideId "1407058"]
[EventDate "2016.11.06"]

1. d4 d5 2. Nf3 Nf6 3. Bf4 c6 4. c3 Bg4 5. Nbd2 Nbd7 6. h3 Bh5 7. Qb3 Qb6 8.
Qxb6 axb6 9. Nh4 h6 10. Bh2 g5 11. g4 Bxg4 12. hxg4 gxh4 13. f3 Bg7 14. Bg1 e5
15. Rxh4 exd4 16. cxd4 Ng8 17. e3 Ne7 18. Bd3 c5 19. a3 cxd4 20. exd4 Ng6 21.
Rh2 Nf4 22. Bb5 Kd8 23. O-O-O h5 24. Be3 Ne6 25. gxh5 Bxd4 26. Nc4 Ndc5 27. Kb1
Bxe3 28. Nxe3 d4 29. Nf5 Ra5 30. Nxd4 Ke7 31. Nxe6 Nxe6 32. Rd7+ Kf6 33. Bc4
Rhxh5 34. Rxh5 Rxh5 35. Rxb7 Rf5 36. Rxb6 Rxf3 37. a4 Ke5 38. Bxe6 fxe6 39. a5
Kd5 40. a6 Rf8 41. b4 e5 42. b5 e4 43. a7 e3 44. Rb8 1-0

[Event "32nd ECC Open 2016"]
[Site "Novi Sad SRB"]
[Date "2016.11.07"]
[Round "2.17"]
[Board "4"]
[White "Samsonov, Vyacheslav"]
[Black "Sparwel, Oliver"]
[Result "1/2-1/2"]
[WhiteElo "2139"]
[BlackElo "2026"]
[WhiteTeam "Ezerelio Vaivorykste"]
[BlackTeam "De Sprenger Echternach"]
[WhiteFideId "2806290"]
[BlackFideId "4002660"]
[EventDate "2016.11.06"]

1. d4 Nf6 2. Bg5 Ne4 3. Bh4 d5 4. f3 Nd6 5. Nd2 f5 6. c4 c6 7. c5 Nf7 8. f4 g6
9. Ngf3 Bg7 10. e3 Nd7 11. Bd3 Nf6 12. O-O O-O 13. b4 Ne4 14. Nb3 Bf6 15. Qe1 h6
16. Ne5 Kg7 17. Bxf6+ exf6 18. Nxf7 Rxf7 19. Bxe4 dxe4 20. d5 Qxd5 21. Qc3 Be6
22. Nd4 Rd7 23. Rfd1 Rad8 24. Rd2 Qc4 25. Qb2 Bg8 26. Rc1 Qf7 27. Rcd1 Rd5 28.
Qc3 Qe7 29. Rc1 Bf7 30. a4 Be8 31. Rcd1 Bf7 32. Ne2 Qe6 33. Rxd5 Rxd5 34. Nd4
Qe7 35. Rc1 a6 36. Rc2 Be8 37. Rd2 Kf7 38. Nb3 Qd7 39. Rd4 Rxd4 40. Qxd4 Qxd4
41. Nxd4 Bd7 42. Kf2 g5 43. g3 Kg6 44. Nb3 Kf7 45. Na5 Ke6 46. Nxb7 Kd5 47. Na5
Be8 48. Ke2 Bh5+ 49. Kd2 Bg4 50. Kc3 Be2 51. Nb3 Bd1 52. Nd4 Bxa4 53. Nxf5 h5
54. h4 gxh4 55. gxh4 a5 56. Ng7 axb4+ 57. Kxb4 Bd1 58. Ne8 Ke6 59. Nd6 Kd5 60.
Nf5 Ke6 61. Ng3 Kd5 62. Nf5 Ke6 63. Nd6 Kd5 64. Ne8 Ke6 1/2-1/2

[Event "32nd ECC Open 2016"]
[Site "Novi Sad SRB"]
[Date "2016.11.07"]
[Round "2.17"]
[Board "5"]
[White "Densing, Gerd"]
[Black "Olkhovskiy, Alexander"]
[Result "0-1"]
[WhiteElo "1806"]
[BlackElo "2095"]
[WhiteTeam "De Sprenger Echternach"]
[BlackTeam "Ezerelio Vaivorykste"]
[WhiteFideId "24621013"]
[BlackFideId "34188611"]
[EventDate "2016.11.06"]

1. d4 Nf6 2. Nf3 e6 3. e3 b6 4. Bd3 Bb7 5. O-O Be7 6. b3 O-O 7. Bb2 d5 8. Nbd2
Nbd7 9. Ne5 Nxe5 10. dxe5 Nd7 11. f4 g6 12. Qg4 Nc5 13. Be2 f5 14. Qh3 a5 15. a4
Rf7 16. Rad1 Qe8 17. Nf3 Rd8 18. Nd4 Bf8 19. Bb5 c6 20. Be2 Na6 21. g4 Nc7 22.
gxf5 gxf5 23. Kf2 c5 24. Nb5 Nxb5 25. Bxb5 Bc6 26. Be2 Rg7 27. Rg1 Rd7 28. Rxg7+
Bxg7 29. Bf3 Qc8 30. Qg2 c4 31. Rc1 b5 32. axb5 Bxb5 33. Be2 Rc7 34. Qf1 Qd8 35.
Qg2 Qe7 36. Ra1 cxb3 37. c3 Bxe2 38. Kxe2 Ra7 39. Kd2 a4 40. Ba3 Qb7 41. Rb1 d4
42. Qxb7 dxc3+ 43. Kxc3 Rxb7 44. Ra1 Bf8 45. Kb2 Bxa3+ 46. Kxa3 Kf7 47. Rc1 Ra7
48. Rg1 Ra6 49. h4 h5 50. Rc1 Ke7 51. Rc7+ Kd8 52. Rh7 Kc8 53. Rxh5 Rb6 0-1

[Event "32nd ECC Open 2016"]
[Site "Novi Sad SRB"]
[Date "2016.11.07"]
[Round "2.17"]
[Board "6"]
[White "Razuvajeva, Juli"]
[Black "Loo, Bernd"]
[Result "1/2-1/2"]
[WhiteTitle "WIM"]
[WhiteElo "2182"]
[BlackElo "1852"]
[WhiteTeam "Ezerelio Vaivorykste"]
[BlackTeam "De Sprenger Echternach"]
[WhiteFideId "4119878"]
[BlackFideId "263303"]
[EventDate "2016.11.06"]

1. d4 d5 2. Nf3 Nc6 3. g3 Bg4 4. Bg2 e6 5. O-O h5 6. c4 Qd7 7. Ne5 Nxe5 8. dxe5
O-O-O 9. h3 Bf5 10. Qb3 c6 11. Nc3 Qc7 12. cxd5 exd5 13. Bf4 Be6 14. Qa4 Bc5 15.
Rac1 Qb6 16. Qc2 Bd4 17. Na4 Qc7 18. e4 Ne7 19. Rfd1 Bxe5 20. Bxe5 Qxe5 21. Qc5
b5 22. Qxe7 bxa4 23. Rxc6+ Kb8 24. exd5 Rd7 25. Qb4+ Rb7 26. Qe1 Qxe1+ 27. Rxe1
Bf5 28. Re2 Rd8 29. Rd2 Bb1 30. a3 Ba2 31. d6 Rb6 32. Rc5 Rdxd6 33. Rxd6 Rxd6
34. Rxh5 Rg6 35. Rh8+ Kc7 36. Re8 a6 37. Bf1 Kb7 38. Bg2+ Kc7 39. Bf1 Kb7 40.
Bg2+ Kc7 41. Bf1 Kb7 1/2-1/2

[Event "32nd ECC Open 2016"]
[Site "Novi Sad SRB"]
[Date "2016.11.07"]
[Round "2.18"]
[Board "1"]
[White "Karttunen, Mika"]
[Black "Guxho, Clirim"]
[Result "1-0"]
[WhiteTitle "IM"]
[WhiteElo "2452"]
[BlackElo "2101"]
[WhiteTeam "Tammer-Shakki"]
[BlackTeam "Butrinti"]
[WhiteFideId "502081"]
[BlackFideId "4700996"]
[EventDate "2016.11.06"]

1. e4 c6 2. Nf3 d5 3. Nc3 Bg4 4. h3 Bxf3 5. gxf3 e6 6. d4 Nd7 7. Rg1 Qb6 8. Qd3
Ne7 9. h4 O-O-O 10. Be3 dxe4 11. fxe4 Qc7 12. O-O-O Ng6 13. d5 Nb6 14. Bh3 Kb8
15. Qd4 c5 16. Qd2 Nc4 17. Qe2 Nxe3 18. fxe3 exd5 19. Nb5 Qe5 20. Rg5 Qf6 21.
Rgxd5 Rxd5 22. Rxd5 a6 23. Qh2+ Ka8 24. e5 Qxh4 25. Qd2 Be7 26. Bg2 Qb4 27. Nc7+
Kb8 28. c3 Qa4 29. Rd7 Kc8 30. Nd5 Bd8 31. Nb6+ Bxb6 32. Bxb7+ 1-0

[Event "32nd ECC Open 2016"]
[Site "Novi Sad SRB"]
[Date "2016.11.07"]
[Round "2.18"]
[Board "2"]
[White "Mihasi, Lime"]
[Black "Pohjala, Henri"]
[Result "1/2-1/2"]
[BlackTitle "FM"]
[WhiteElo "2039"]
[BlackElo "2377"]
[WhiteTeam "Butrinti"]
[BlackTeam "Tammer-Shakki"]
[WhiteFideId "4700252"]
[BlackFideId "506478"]
[EventDate "2016.11.06"]

1. e4 d5 2. exd5 Qxd5 3. Nc3 Qd8 4. d4 Nf6 5. Bf4 c6 6. Nf3 Bg4 7. Be2 Bxf3 8.
Bxf3 e6 9. O-O Bd6 10. Bg5 O-O 11. a4 a5 12. Ne4 Be7 13. Nxf6+ Bxf6 14. Be3 Qc7
15. Ra3 Nd7 16. Qe2 Rfe8 17. Be4 Be7 18. Rb3 Bd6 19. g3 Rab8 20. Bd3 Nf6 21. Bg5
Nd5 22. c4 Nb4 23. c5 Bf8 24. Bf4 e5 25. Bxe5 Qd7 26. Bb1 Rbd8 27. Re3 Nd5 28.
Qc2 g6 29. Rf3 Nb4 30. Qc4 Re6 31. Rc1 Rde8 32. Kg2 Bg7 33. Bd6 Bh6 34. Rd1 Bf8
35. Bf4 Rd8 36. h4 Be7 37. Rd2 Kg7 38. Re2 Rxe2 39. Qxe2 f6 40. Bd2 Nd5 41. h5
Re8 42. Qd3 Qg4 43. h6+ Kh8 44. Ba2 Qd7 45. Bxa5 Ra8 46. b4 Bf8 47. Qd2 g5 48.
Kh2 Bxh6 49. Bxd5 Qxd5 50. Rxf6 Bg7 51. Rd6 Qf7 52. Bd8 h6 53. a5 Qf8 54. Bb6
Re8 55. d5 cxd5 56. Rxd5 Qf3 57. Rd8 Rxd8 58. Bxd8 Bc3 59. Qc2 Bd4 60. Bc7 h5
61. Qd2 Qd5 62. Qe2 h4 63. gxh4 gxh4 64. f4 Qf5 65. Be5+ Kh7 66. Bd6 Bg7 67. Qg2
Qd3 68. Qf2 Bf6 69. Be5 Be7 70. Qg2 Kh6 71. Qg7+ Kh5 72. Qxe7 Qe2+ 73. Kg1 Qe1+
74. Kg2 Qe2+ 75. Kg1 Qe1+ 1/2-1/2

[Event "32nd ECC Open 2016"]
[Site "Novi Sad SRB"]
[Date "2016.11.07"]
[Round "2.18"]
[Board "3"]
[White "Ahvenjarvi, Jani"]
[Black "Mejdini, Murat"]
[Result "1-0"]
[WhiteTitle "FM"]
[WhiteElo "2333"]
[BlackElo "1989"]
[WhiteTeam "Tammer-Shakki"]
[BlackTeam "Butrinti"]
[WhiteFideId "507571"]
[BlackFideId "4700244"]
[EventDate "2016.11.06"]

1. e4 e6 2. d4 d5 3. Nd2 c5 4. Ngf3 Nc6 5. exd5 exd5 6. Bb5 a6 7. Bxc6+ bxc6 8.
O-O Bd6 9. dxc5 Bxc5 10. c4 Nf6 11. Qa4 Qc7 12. Nb3 Be7 13. Bf4 Qb6 14. Ne5 Bb7
15. Rae1 O-O 16. Nd7 Qb4 17. Nxf6+ gxf6 18. Qxb4 Bxb4 19. Rc1 Rfe8 20. cxd5 cxd5
21. a3 Bf8 22. Be3 Rac8 23. Bd4 Kg7 24. Rfe1 Bd6 25. Kf1 Rxc1 26. Rxc1 Bc8 27.
Re1 Rxe1+ 28. Kxe1 Kg6 29. g3 Kf5 30. f3 h5 31. Kf2 Bd7 32. Nd2 Ke6 33. Ke3 h4
34. f4 hxg3 35. hxg3 Ke7 36. b4 Bb5 37. Bc5 Ke6 38. Bxd6 Kxd6 39. Nb3 Bd7 40.
Nd4 Bg4 41. Kd3 Bd7 42. Kc3 Bh3 43. Nc2 Bf5 44. Ne3 Be4 45. Kd4 f5 46. Nd1 f6
47. Nc3 Bg2 48. b5 a5 49. b6 Kc6 50. Nxd5 Bxd5 51. b7 Kxb7 52. Kxd5 Kb6 53. a4
Kc7 54. Kc5 1-0